Fabrication of Solution Processed Semiconducting Films Based Devices / (Record no. 527821)

000 -LEADER
fixed length control field 00641nam a22002057a 4500
003 - CONTROL NUMBER IDENTIFIER
control field NUST
005 - DATE AND TIME OF LATEST TRANSACTION
control field 20240726105731.0
008 - FIXED-LENGTH DATA ELEMENTS--GENERAL INFORMATION
fixed length control field 190817b ||||| |||| 00| 0 eng d
038 ## - RECORD CONTENT LICENSOR
Staff Name Mr. Noman
082 ## - DEWEY DECIMAL CLASSIFICATION NUMBER
Classification number 200
100 ## - MAIN ENTRY--PERSONAL NAME
Personal name Yasin, Muhammad
9 (RLIN) 19287
245 ## - TITLE STATEMENT
Title Fabrication of Solution Processed Semiconducting Films Based Devices /
Statement of responsibility, etc. Muhammad Yasin.
260 ## - PUBLICATION, DISTRIBUTION, ETC.
Place of publication, distribution, etc. Islamabd:
Name of publisher, distributor, etc. SEECS - NUST,
Date of publication, distribution, etc. 2016.
300 ## - PHYSICAL DESCRIPTION
Extent 137 p.: ill.;
Dimensions 35cm.
500 ## - GENERAL NOTE
General note Hardcover.
650 ## - SUBJECT ADDED ENTRY--TOPICAL TERM
Topical term or geographic name entry element Ph. D Thesis.
9 (RLIN) 19288
700 ## - ADDED ENTRY--PERSONAL NAME
Personal name Supervisor Dr. Tauseef Tauqeer
9 (RLIN) 91883
856 ## - ELECTRONIC LOCATION AND ACCESS
Uniform Resource Identifier <a href="http://10.250.8.41:8080/xmlui/handle/123456789/26381">http://10.250.8.41:8080/xmlui/handle/123456789/26381</a>
942 ## - ADDED ENTRY ELEMENTS (KOHA)
Source of classification or shelving scheme
Koha item type Soft Copy
Holdings
Withdrawn status Lost status Source of classification or shelving scheme Damaged status Not for loan Permanent Location Current Location Shelving location Date acquired Full call number Barcode Date last seen Price effective from Koha item type
          Central Library (CL) Central Library (CL) Thesis 08/17/2019 200 CLPT-28 08/17/2019 08/17/2019 Soft Copy
© 2023 Central Library, National University of Sciences and Technology. All Rights Reserved.